[Event "Mülheim- Unser Fritz"]
[Site "?"]
[Date "2024.03.10"]
[Round "7.5"]
[White "Gregoritsch, Dirk"]
[Black "Wisotzky, Klaus"]
[Result "1-0"]
[WhiteElo "1766"]
[BlackElo "1552"]
[PlyCount "131"]
[SourceDate "2024.03.25"]

1. Nf3 d5 2. g3 Nf6 3. Bg2 Bf5 4. d4 c6 5. c4 e6 6. O-O h6 7. cxd5 cxd5 8. Nc3
Be7 9. Qb3 Qb6 10. Qxb6 axb6 11. Bf4 Nbd7 12. Rfc1 O-O 13. Nb5 Rac8 14. Bd6
Bxd6 15. Nxd6 Rxc1+ 16. Rxc1 Bh7 17. Rc7 Rd8 18. Nd2 Kf8 19. Rxb7 Ke7 20. Nb5
Rb8 21. Rc7 Kd8 22. h3 Ne8 23. Rc3 Rc8 24. Rxc8+ Kxc8 25. e4 dxe4 26. Bxe4 Bxe4
27. Nxe4 f6 28. f4 Kb7 29. Kf2 Kc6 30. Nec3 Nd6 31. Nxd6 Kxd6 32. Ke3 f5 33. a4
Nb8 34. Kd3 Nc6 35. Nb5+ Kd7 36. Kc4 Na5+ 37. Kc3 Nc6 38. b4 Ne7 39. Kc4 Kc6
40. Nc3 g5 41. fxg5 hxg5 42. h4 gxh4 43. gxh4 f4 44. h5 Nf5 45. Nd1 Kd6 46. a5
bxa5 47. bxa5 Kc6 48. Nf2 Nh6 49. Ne4 Nf5 50. Kd3 Kb5 51. a6 Kxa6 52. Nc5+ Kb6
53. Nxe6 f3 54. Nf4 Kc6 55. Nh3 Kd5 56. Nf2 Ke6 57. Ng4 f2 58. Nxf2 Nxd4 59.
Kxd4 Kf5 60. h6 Kg6 61. Ng4 Kh7 62. Ke5 Kg6 63. Ke6 Kh7 64. Kf6 Kh8 65. Kg6 Kg8
66. Ne5 1-0

[Event "Mülheim- Unser Fritz"]
[Site "?"]
[Date "2024.03.10"]
[Round "7.6"]
[White "Lohmar, Hermann"]
[Black "Lindner, Andreas"]
[Result "1/2-1/2"]
[WhiteElo "1526"]
[BlackElo "1329"]
[PlyCount "39"]
[SourceDate "2024.03.25"]

1. Nf3 d5 2. g3 Nf6 3. Bg2 g6 4. O-O Bg7 5. d4 O-O 6. c4 c6 7. Nc3 Nbd7 8. a4
a5 9. Bf4 Nh5 10. Bg5 h6 11. Be3 e6 12. Qc1 Kh7 13. g4 Nhf6 14. h3 Ne4 15. Nxe4
dxe4 16. Nd2 f5 17. f4 Nf6 18. gxf5 gxf5 19. Nb3 b6 20. Qe1 1/2-1/2

[Event "Mülheim- Unser Fritz"]
[Site "?"]
[Date "2024.03.10"]
[Round "7.7"]
[White "Lauenstein, Nico"]
[Black "Riek, Wolfgang"]
[Result "1-0"]
[WhiteElo "1286"]
[BlackElo "1640"]
[PlyCount "91"]
[SourceDate "2024.03.25"]

1. d4 Nf6 2. c4 e6 3. Nc3 d5 4. Nf3 Be7 5. Bg5 Nbd7 6. e3 O-O 7. Bd3 a6 8. cxd5
exd5 9. Rc1 c6 10. O-O Ne8 11. Bf4 f5 12. Qc2 g6 13. Ne5 Nxe5 14. Bxe5 Bd6 15.
Bxd6 Qxd6 16. f3 Qf6 17. Rcd1 Ng7 18. Kh1 Bd7 19. Qb3 b5 20. e4 fxe4 21. fxe4
Qxd4 22. Rxf8+ Rxf8 23. Be2 Qc5 24. exd5 Kh8 25. Bf3 cxd5 26. Qxd5 Qxd5 27.
Rxd5 Bc6 28. Rd6 Bxf3 29. gxf3 Ra8 30. Nd5 Nf5 31. Rd7 Rf8 32. Kg2 Nh4+ 33. Kg3
Nxf3 34. Ra7 Nd4 35. Kg4 Rf5 36. Nf4 h5+ 37. Kg3 Rg5+ 38. Kf2 Rg4 39. Nd5 Rg5
40. Nf4 Rf5 41. Ke3 Nc2+ 42. Ke4 Rf6 43. Ke5 Rb6 44. Nd5 Rc6 45. Nf6 Nb4 46.
Rh7# 1-0

[Event "Mülheim- Unser Fritz"]
[Site "?"]
[Date "2024.03.10"]
[Round "7.8"]
[White "Land, Ingo"]
[Black "Otuk, Yusuf"]
[Result "0-1"]
[WhiteElo "1495"]
[BlackElo "1182"]
[PlyCount "108"]
[SourceDate "2024.03.25"]

1. e4 e6 2. d4 d5 3. exd5 exd5 4. Bd3 Bd6 5. Ne2 Ne7 6. O-O Bg4 7. f3 Bh5 8.
Nf4 Bg6 9. c3 Nd7 10. Nxg6 hxg6 11. f4 c6 12. Qf3 Qc7 13. Be3 O-O-O 14. Nd2 Rh5
15. g3 Rdh8 16. Rf2 Nf5 17. Bxf5 gxf5 18. Qe2 Nf6 19. Nf3 Ng4 20. Rg2 Re8 21.
Ne5 Nxe3 22. Qxe3 f6 23. Qf3 Rhh8 24. Nd3 Re7 25. Re2 Rhe8 26. Rae1 Qd7 27.
Rxe7 Rxe7 28. Rxe7 Qxe7 29. Kf2 Kc7 30. Qe3 Qf7 31. Qf3 Qe7 32. Qe3 Qe4 33.
Qxe4 fxe4 34. Ne1 f5 35. Ke3 Be7 36. Ng2 c5 37. h3 Kd7 38. g4 fxg4 39. hxg4 Kc6
40. g5 Kb5 41. Nh4 Kc6 42. Nf5 Bf8 43. Ng3 g6 44. b3 cxd4+ 45. cxd4 Ba3 46. Ne2
Kd7 47. Kf2 Ke6 48. Ke3 Kf5 49. Ng3+ Kg4 50. Nxe4 dxe4 51. Kxe4 Bd6 52. f5
gxf5+ 53. Kd5 Kxg5 54. Kxd6 f4 0-1

[Event "Katernberg 4- Hansa Dortmund"]
[Site "?"]
[Date "2024.03.10"]
[Round "7.1"]
[White "Klyuner, Vyacheslav"]
[Black "Huettemann, Karl- Heinz"]
[Result "0-1"]
[WhiteElo "2396"]
[BlackElo "1958"]
[PlyCount "70"]
[SourceDate "2024.03.25"]

1. e4 c5 2. c3 Nf6 3. e5 Nd5 4. d4 cxd4 5. Qxd4 e6 6. Nf3 Nc6 7. Qe4 f5 8. Qe2
d6 9. g3 Qc7 10. exd6 Bxd6 11. Bg2 Nf6 12. Nbd2 O-O 13. Nc4 e5 14. Nxd6 Qxd6
15. O-O e4 16. Nd2 Ne5 17. Nb3 Qd3 18. Qxd3 Nxd3 19. Nd4 Bd7 20. Rd1 Rac8 21.
f3 Nxc1 22. Raxc1 exf3 23. Bxf3 Rc7 24. Ne2 Bc6 25. Bxc6 Rxc6 26. Nd4 Rb6 27.
b3 g6 28. c4 Rd8 29. Nb5 Rxd1+ 30. Rxd1 a6 31. Nd6 Kf8 32. Rd4 Rb4 33. Rd3 Rb6
34. h4 Kg8 35. Kf2 Rxd6 0-1

[Event "Katernberg 4- Hansa Dortmund"]
[Site "?"]
[Date "2024.03.10"]
[Round "7.2"]
[White "Mamikonyan, Davit"]
[Black "Karger, Frank"]
[Result "0-1"]
[WhiteElo "1913"]
[BlackElo "2235"]
[PlyCount "120"]
[SourceDate "2024.03.25"]

1. c4 e6 2. g3 d5 3. cxd5 exd5 4. Bg2 Nf6 5. d4 Bd6 6. Nf3 O-O 7. Nc3 c6 8. O-O
Bf5 9. Nh4 Be6 10. Qc2 Nbd7 11. Re1 Re8 12. a3 a5 13. Na4 Ne4 14. Be3 Bf8 15.
Rad1 Nd6 16. Nc5 Nc4 17. Nxd7 Qxd7 18. Bc1 Be7 19. Nf3 Bf5 20. Qc3 Bf6 21. b3
Nd6 22. Ne5 Qe7 23. f4 a4 24. b4 h5 25. Qc5 Qe6 26. Qc3 h4 27. Bb2 Bd8 28. Bf3
hxg3 29. hxg3 f6 30. g4 fxe5 31. gxf5 Nxf5 32. dxe5 Qg6+ 33. Bg2 Bb6+ 34. e3
Qg3 35. Rd4 Re6 36. Qd2 Nh4 37. Qf2 Rg6 38. Qxg3 Rxg3 39. Re2 Nxg2 40. Rxg2
Rxg2+ 41. Kxg2 Bxd4 42. Bxd4 g6 43. Kf3 Rf8 44. Kg4 Rf5 45. Bc5 Kf7 46. Bd4 Ke6
47. Kh4 Rh5+ 48. Kg4 Kf7 49. Bc5 Rh2 50. Kg5 Rg2+ 51. Kh6 Ra2 52. b5 Rc2 53.
Bd6 c5 54. Kg5 Rg2+ 55. Kh4 c4 56. Bb4 Ke6 57. Bc3 Kf5 58. Kh3 Rc2 59. Bd4 Rd2
60. Bc5 c3 0-1

[Event "Katernberg 4- Hansa Dortmund"]
[Site "?"]
[Date "2024.03.10"]
[Round "7.3"]
[White "Zelt, Jens"]
[Black "Riesenbeck, Juergen"]
[Result "1-0"]
[WhiteElo "1991"]
[BlackElo "1938"]
[PlyCount "55"]
[SourceDate "2024.03.25"]

1. d4 Nf6 2. Nf3 g6 3. c3 Bg7 4. h3 d5 5. Bf4 Nbd7 6. e3 c6 7. Nbd2 O-O 8. Be2
b5 9. a4 bxa4 10. Qxa4 Qb6 11. Ra2 c5 12. O-O Bb7 13. Qa5 Rfc8 14. Rfa1 c4 15.
Bd1 e6 16. Bc2 Ne8 17. e4 Bf6 18. exd5 exd5 19. Re1 Ng7 20. Qa3 Ne6 21. Bg3 Re8
22. b4 cxb3 23. Bxb3 Rec8 24. Ba4 Bc6 25. Rb1 Qa6 26. Qd6 Be7 27. Qxe7 Bxa4 28.
Qxd7 1-0

[Event "Katernberg 4- Hansa Dortmund"]
[Site "?"]
[Date "2024.03.10"]
[Round "7.4"]
[White "Schmitz, Edgar"]
[Black "Krueger, Simon"]
[Result "1-0"]
[WhiteElo "1877"]
[BlackElo "1961"]
[PlyCount "69"]
[SourceDate "2024.03.25"]

1. e4 c6 2. d4 d5 3. f3 g6 4. Nc3 Bg7 5. Be3 Nf6 6. e5 Nfd7 7. f4 f6 8. Nf3 b6
9. Bd3 fxe5 10. fxe5 Ba6 11. O-O O-O 12. Qe2 Qc8 13. Ng5 Bxd3 14. Qxd3 h6 15.
Qxg6 hxg5 16. Bxg5 Rxf1+ 17. Rxf1 Nf8 18. Qf7+ Kh8 19. Rf4 Na6 20. Ne2 Nh7 21.
Rh4 Qg8 22. Qh5 Rf8 23. Nf4 Rxf4 24. Rxf4 Nc7 25. Bxe7 Qe8 26. Qxe8+ Nxe8 27.
Bh4 c5 28. c3 Nf8 29. Rf7 Ng6 30. Bf2 cxd4 31. cxd4 Kg8 32. Rxa7 Nf4 33. Rb7
Bf8 34. Rxb6 Kf7 35. a4 1-0

[Event "Katernberg 4- Hansa Dortmund"]
[Site "?"]
[Date "2024.03.10"]
[Round "7.5"]
[White "Linker, Walter"]
[Black "Beetz, Ole"]
[Result "1/2-1/2"]
[WhiteElo "1962"]
[BlackElo "1676"]
[PlyCount "76"]
[SourceDate "2024.03.25"]

1. f4 d5 2. Nf3 Nf6 3. e3 Bg4 4. b3 e6 5. Bb2 Be7 6. Be2 Bxf3 7. Bxf3 O-O 8.
O-O Nbd7 9. Qe1 Re8 10. c4 Nc5 11. d4 Nd3 12. Qd2 Nxb2 13. Qxb2 c5 14. Nd2 Qb6
15. Rfe1 Rad8 16. Rad1 Qc7 17. g3 a6 18. Kg2 b5 19. cxb5 axb5 20. dxc5 Bxc5 21.
b4 Bb6 22. e4 Qa7 23. e5 Nd7 24. Be2 Bd4 25. Qb1 Bc3 26. Bxb5 d4 27. a4 Re7 28.
Re2 Nb6 29. Ne4 Nd5 30. Qd3 Rc8 31. Rc1 Rec7 32. Nd6 Qa8 33. Qe4 Bxb4 34. Rxc7
Rxc7 35. Kh3 Qa7 36. Rc2 Nc3 37. Qd3 Qb6 38. Ne4 Qb7 1/2-1/2

[Event "Katernberg 4- Hansa Dortmund"]
[Site "?"]
[Date "2024.03.10"]
[Round "7.6"]
[White "Cremerius, Axel"]
[Black "Schaepers, Lars"]
[Result "1-0"]
[WhiteElo "1513"]
[BlackElo "1878"]
[PlyCount "65"]
[SourceDate "2024.03.25"]

1. d4 d5 2. Nf3 Nf6 3. Bf4 e6 4. e3 c5 5. c3 Nc6 6. Bd3 Bd6 7. Bxd6 Qxd6 8. O-O
Bd7 9. Nbd2 cxd4 10. exd4 O-O 11. Re1 Rac8 12. Ne5 Rc7 13. Nxd7 Rxd7 14. Nf3
Rc7 15. Ne5 Rb8 16. Qe2 a6 17. f4 Na5 18. Rac1 Nc4 19. Bxc4 dxc4 20. Nxc4 Qxf4
21. Rf1 Qe4 22. Qxe4 Nxe4 23. Rfe1 f5 24. Ne5 b5 25. a3 g5 26. Nd3 Kf7 27. Ne5+
Kf6 28. Ng4+ Ke7 29. Nf2 Nd2 30. Nd3 Nc4 31. Re2 Re8 32. Nb4 Kf6 33. Nd5+ 1-0

[Event "Katernberg 4- Hansa Dortmund"]
[Site "?"]
[Date "2024.03.10"]
[Round "7.7"]
[White "Velli, Filippo"]
[Black "Goldkuhle, Daniel"]
[Result "1-0"]
[WhiteElo "2239"]
[BlackElo "1364"]
[PlyCount "57"]
[SourceDate "2024.03.25"]

1. d4 Nf6 2. c4 e6 3. Nf3 Bb4+ 4. Bd2 Bxd2+ 5. Nbxd2 O-O 6. g3 d5 7. Bg2 dxc4
8. Nxc4 Nc6 9. O-O a6 10. Rc1 Rb8 11. Qd3 Nb4 12. Qb3 Nbd5 13. Nfe5 Nd7 14.
Rfd1 Nxe5 15. Nxe5 Bd7 16. Bxd5 exd5 17. Qxd5 Be6 18. Qxd8 Rfxd8 19. Rxc7 f6
20. Nc4 Rd7 21. Rxd7 Bxd7 22. Nb6 Bb5 23. e4 Rd8 24. a4 Be2 25. Re1 Bf3 26. d5
Rd6 27. a5 Kf7 28. Re3 Bd1 29. Rc3 1-0

[Event "Katernberg 4- Hansa Dortmund"]
[Site "?"]
[Date "2024.03.10"]
[Round "7.8"]
[White "Springmann, Simon"]
[Black "Lin, Yi"]
[Result "0-1"]
[WhiteElo "1357"]
[BlackElo "1863"]
[PlyCount "72"]
[SourceDate "2024.03.25"]

1. e4 d6 2. d4 Nf6 3. Nc3 Nbd7 4. Be3 e5 5. d5 Be7 6. Qd2 Ng4 7. O-O-O Nxe3 8.
Qxe3 Bg5 9. Qxg5 Qxg5+ 10. Kb1 O-O 11. Rd3 Qd8 12. h4 Nf6 13. f3 c6 14. g4 cxd5
15. g5 dxe4 16. fxe4 Nh5 17. Nb5 Qa5 18. Rc3 Be6 19. a3 Rad8 20. b4 Qb6 21. Be2
Nf4 22. Bf3 Qxb5 23. h5 Rc8 24. Re3 Qc4 25. Bd1 Qa2+ 26. Kc1 Qa1+ 27. Kd2 Qd4+
28. Ke1 Qxe3+ 29. Ne2 Nxe2 30. Bxe2 Qxe4 31. Rh2 Rxc2 32. Kf1 Rc1+ 33. Kf2 Qf4+
34. Kg2 Bd5+ 35. Kh3 Rc3+ 36. Bd3 Rxd3# 0-1

[Event "SF Essen-Werden 2 - SV Bönen 2"]
[Site "?"]
[Date "2024.03.10"]
[Round "7.2"]
[White "Eggebrecht, Stefan"]
[Black "Beulertz, Stefan"]
[Result "0-1"]
[WhiteElo "1749"]
[BlackElo "1931"]
[PlyCount "72"]
[EventDate "2024.??.??"]
[SourceDate "2024.03.25"]
[WhiteTeam "SF Essen-Werden 2"]
[BlackTeam "SV Bönen 2"]

1. e4 e6 2. d3 d5 3. Nd2 c5 4. g3 Nc6 5. Bg2 a5 6. a4 b6 7. Ne2 g6 8. O-O Bg7
9. f4 Nge7 10. c3 Ba6 11. exd5 Nxd5 12. Nf3 Rc8 13. Ne1 O-O 14. Nc2 Nde7 15. c4
Qd7 16. f5 Nxf5 17. Nf4 Rfd8 18. Qf3 Ne5 19. Qe4 Rc7 20. Ne1 Bb7 21. Qe2 Qd4+
22. Kh1 Bxg2+ 23. Kxg2 Qd6 24. Qe4 Qc6 25. Qxc6 Rxc6 26. Rb1 Rcd6 27. Rf2 Ne7
28. h4 N7c6 29. Nf3 Nxd3 30. Nxd3 Rxd3 31. Ng5 R8d7 32. Bf4 e5 33. Bc1 h6 34.
Ne4 f5 35. Nc3 Nb4 36. Re2 R7d4 0-1

[Event "SF Essen-Werden 2 - SV Bönen 2"]
[Site "?"]
[Date "2024.03.10"]
[Round "7.3"]
[White "Volling, Andreas"]
[Black "Weber, Dirk"]
[Result "1/2-1/2"]
[WhiteElo "1783"]
[BlackElo "1713"]
[PlyCount "55"]
[EventDate "2024.??.??"]
[SourceDate "2024.03.25"]
[WhiteTeam "SV Bönen 2"]
[BlackTeam "SF Essen-Werden 2"]

1. d4 Nf6 2. c4 d6 3. Nc3 g6 4. e4 Nbd7 5. f4 c5 6. d5 e5 7. dxe6 fxe6 8. Nf3
a6 9. a4 Qc7 10. Bd3 Nb8 11. O-O Bg7 12. f5 Nc6 13. fxe6 Bxe6 14. Nd5 Qd8 15.
Qe2 Bg4 16. Qe1 Bxf3 17. Rxf3 Ne5 18. Rh3 Nxd5 19. exd5 O-O 20. Be2 Qf6 21. Be3
a5 22. Qd2 Qf7 23. Rd1 b6 24. Qe1 Rae8 25. Qd2 Qd7 26. b3 Rf7 27. Rg3 Ref8 28.
Bh6 1/2-1/2

[Event "SF Essen-Werden 2 - SV Bönen 2"]
[Site "?"]
[Date "2024.03.10"]
[Round "7.5"]
[White "Budde, Uwe"]
[Black "Claussen, Alexander"]
[Result "1-0"]
[WhiteElo "1755"]
[BlackElo "1476"]
[PlyCount "48"]
[EventDate "2024.??.??"]
[SourceDate "2024.03.25"]
[WhiteTeam "SV Bönen 2"]
[BlackTeam "SF Essen-Werden 2"]

{[%evp 0,48,19,31,41,1,27,-7,1,-16,0,-14,-19,-22,-15,-13,25,49,56,61,79,79,128,
104,116,114,138,149,147,146,144,145,145,154,145,150,247 ,160,160,160,184,188,
171,187,181,171,223,224,378,378,855]} 1. e4 e6 2. Qe2 b6 3. d3 Bb7 4. g3 f5 5.
Bg2 Nf6 6. f4 fxe4 7. dxe4 Qe7 8. Nc3 Nc6 9. e5 Ng8 10. Be3 Qb4 11. O-O-O Bc5
12. Bxc5 Qxc5 13. Nb5 O-O-O 14. Bxc6 Bxc6 15. Nxa7+ Kb8 16. Nxc6+ Qxc6 17. Nf3
h6 18. Rd3 Ne7 19. Rhd1 Nd5 20. Ra3 Qb7 21. Kb1 c6 22. Qd3 b5 23. c4 b4 24. Rb3
Nc3+ 1-0

[Event "SF Essen-Werden 2 - SV Bönen 2"]
[Site "?"]
[Date "2024.03.10"]
[Round "7.4"]
[White "Kowalzick, Uwe"]
[Black "Nielinger, Marco"]
[Result "1/2-1/2"]
[WhiteElo "1613"]
[BlackElo "1681"]
[PlyCount "78"]
[EventDate "2024.??.??"]
[SourceDate "2024.03.25"]
[WhiteTeam "SF Essen-Werden 2"]
[BlackTeam "SV Bönen 2"]

1. f4 d5 2. Nf3 Nf6 3. d3 b6 4. g3 Bb7 5. Bg2 e6 6. c3 Be7 7. O-O O-O 8. b4 c5
9. a3 Nc6 10. Bb2 Qc7 11. b5 Na5 12. h3 Nd7 13. Nbd2 e5 14. e3 exf4 15. exf4
Bf6 16. Re1 Rfe8 17. Qc2 Rad8 18. Rxe8+ Rxe8 19. Re1 Qb8 20. Nf1 Rxe1 21. Nxe1
Qe8 22. Kf2 Nf8 23. Nf3 Qxb5 24. Ne5 Qe8 25. d4 cxd4 26. cxd4 Bxe5 27. dxe5 Nc4
28. Bc1 Ne6 29. Qd3 Nc5 30. Qc3 Qb5 31. Nd2 Nxd2 32. Qxd2 Nb3 33. Qc3 Nxc1 34.
Qxc1 Qc5+ 35. Qxc5 bxc5 36. f5 Kf8 37. Ke2 Ba6+ 38. Kd2 Ke7 39. Bxd5 Bf1
1/2-1/2

[Event "SF Essen-Werden 2 - SV Bönen 2"]
[Site "?"]
[Date "2024.03.10"]
[Round "7.6"]
[White "Reuß, Till-Christopher"]
[Black "Romstadt, Dirk"]
[Result "1/2-1/2"]
[WhiteElo "1433"]
[BlackElo "1707"]
[PlyCount "112"]
[EventDate "2024.??.??"]
[SourceDate "2024.03.25"]
[WhiteTeam "SF Essen-Werden 2"]
[BlackTeam "SV Bönen 2"]

1. e4 d5 2. exd5 Nf6 3. Bb5+ Bd7 4. Bxd7+ Qxd7 5. Nf3 Nxd5 6. d4 Nc6 7. O-O h6
8. b3 e6 9. Bb2 Bd6 10. Re1 O-O 11. Nbd2 Nf6 12. Nc4 Rfe8 13. Nce5 Bxe5 14.
Nxe5 Qd6 15. c3 Rad8 16. Qf3 Qd5 17. Qxd5 Nxd5 18. Nxc6 bxc6 19. Rac1 Rd7 20.
Ba3 a5 21. Bc5 Nf4 22. Rcd1 Rd5 23. Re4 Ng6 24. g3 Red8 25. Rde1 Rh5 26. Rb1
Rdd5 27. f4 Rd7 28. a4 Rd8 29. b4 Ra8 30. Re2 Nf8 31. Bxf8 Kxf8 32. Re5 Rxe5
33. fxe5 Ke7 34. Kf2 f6 35. exf6+ Kxf6 36. Ke3 e5 37. Rf1+ Ke6 38. Ra1 exd4+
39. Kxd4 Kd6 40. Kc4 c5 41. Rd1+ Kc6 42. Re1 axb4 43. cxb4 cxb4 44. Re6+ Kd7
45. Rg6 Rxa4 46. Rxg7+ Kd8 47. Kb3 Ra6 48. Rg8+ Kd7 49. Rg7+ Kd8 50. Kxb4 Re6
51. h4 Re5 52. Rg6 h5 53. Rg8+ Kd7 54. Rg7+ Kd6 55. Kc3 c5 56. g4 hxg4 1/2-1/2

[Event "SF Essen-Werden 2 - SV Bönen 2"]
[Site "?"]
[Date "2024.03.10"]
[Round "7.7"]
[White "Zimmer, Sebastian"]
[Black "Kludszuweit, Kim Ira"]
[Result "1-0"]
[WhiteElo "1667"]
[BlackElo "1510"]
[PlyCount "91"]
[EventDate "2024.??.??"]
[SourceDate "2024.03.25"]
[WhiteTeam "SV Bönen 2"]
[BlackTeam "SF Essen-Werden 2"]

1. e4 c5 2. Nc3 e6 3. f4 Nc6 4. Nf3 Be7 5. g3 d6 6. Bg2 Nf6 7. O-O e5 8. d3 Bg4
9. h3 Bd7 10. Be3 Nd4 11. fxe5 Nxf3+ 12. Qxf3 dxe5 13. Nd5 O-O 14. Nxf6+ Bxf6
15. Bxc5 Be7 16. Be3 b6 17. c3 Be6 18. d4 Qd7 19. Kh2 f5 20. d5 f4 21. dxe6
fxg3+ 22. Qxg3 Qxe6 23. b3 Rad8 24. Rxf8+ Bxf8 25. Bf1 Kh8 26. Bc4 Qd6 27. Bd5
Rc8 28. c4 a6 29. Qg4 Rb8 30. Qe6 Qxe6 31. Bxe6 Be7 32. Rd1 Bf6 33. Rd6 b5 34.
Rxa6 bxc4 35. Bxc4 h6 36. Bb6 Rc8 37. Ra7 Rc6 38. Rb7 Kh7 39. a4 Rd6 40. Bd5
Bg5 41. Bf2 Rg6 42. Rb6 Bf4+ 43. Kh1 Rg5 44. a5 Rh5 45. Be6 g5 46. Bg4 1-0

[Event "SF Essen-Werden 2 - SV Bönen 2"]
[Site "?"]
[Date "2024.03.10"]
[Round "7.8"]
[White "Barthelmes, Venice"]
[Black "Leisen, Peter"]
[Result "1-0"]
[WhiteElo "1450"]
[BlackElo "1717"]
[PlyCount "87"]
[EventDate "2024.??.??"]
[SourceDate "2024.03.25"]
[WhiteTeam "SF Essen-Werden 2"]
[BlackTeam "SV Bönen 2"]

1. e4 d6 2. Nf3 e5 3. Be2 Nf6 4. d3 Be7 5. O-O O-O 6. c3 Nc6 7. Nbd2 d5 8. Re1
d4 9. Nc4 Bd6 10. Bg5 dxc3 11. bxc3 Be6 12. Nxd6 cxd6 13. d4 Bg4 14. d5 Na5 15.
Nh4 Bxe2 16. Qxe2 h6 17. Bxf6 Qxf6 18. Nf5 a6 19. c4 Rac8 20. Rec1 Rc5 21. Rab1
Rfc8 22. Ne3 b5 23. Rb4 Qf4 24. Qd3 Nxc4 25. g3 Qf3 26. Re1 Na5 27. Qa3 Nc4 28.
Nxc4 Qxa3 29. Nxa3 Kf8 30. Kf1 Ke7 31. Nb1 a5 32. Rb2 g5 33. Nd2 Rc2 34. Reb1
b4 35. Ke1 R2c5 36. Rb3 Rc2 37. a3 bxa3 38. Rxa3 Rc1+ 39. Rxc1 Rxc1+ 40. Ke2
Rh1 41. Nf1 h5 42. Rxa5 h4 43. Ra8 hxg3 44. fxg3 1-0